000
00299nam a2200109Ia 4500
008
220120s9999||||xx |||||||||||||| ||und||
100
_a
Givone,Donald D
_9
2779
245
0
_a
Digital princiles and design
260
_a
Tata mcgraw-hill co.
_c
2002
300
_b
295
650
_a
SOFTWARE ENGINEERING
_9
1072
999
_c
132127
_d
132127